| 000 | 00756nam a2200277Ia 4500 | ||
|---|---|---|---|
| 001 | Para_1785 | ||
| 003 | CHAP | ||
| 008 | 220125s1993 xx 000 0 und d | ||
| 010 | _a200417 | ||
| 040 | _cCHAP | ||
| 082 | _aPA 635.21 R65 | ||
| 100 |
_aRowe, Randall C., ed. _9165291 |
||
| 245 |
_aPotato health management / _c by Randall C. Rowe |
||
| 260 |
_aSt. Paul Mims : _b American Phytopathological Society |
||
| 300 | _a178 p. | ||
| 650 | 7 |
_aPapas _xEnfermedades _2 _985227 |
|
| 650 |
_aPapa _x plagas _985270 |
||
| 650 |
_aPapa _x semilla _985288 |
||
| 901 | _aPA 635.21 R65 | ||
| 902 | _aA | ||
| 905 | _a0000001993 a 0000000000 00 | ||
| 910 | _a1993 | ||
| 942 | _cPARA | ||
| 942 |
_cPARA _d1 |
||
| 999 |
_c200417 _d200417 |
||